[Event "Roquetas de Mar op 35th"]
[Site "Roquetas de Mar"]
[Date "2024.01.05"]
[Round "6"]
[White "Macak, Stefan"]
[Black "Serrano Almendros, Angel"]
[Result "1-0"]
[WhiteElo "2354"]
[BlackElo "2250"]
[PlyCount "55"]
[EventDate "2024.01.02"]
[EventType "swiss"]
[EventRounds "9"]
[EventCountry "ESP"]
[SourceTitle "CB02_2024"]
[SourceDate "2024.01.10"]
[SourceVersion "1"]
[SourceVersionDate "2024.01.10"]
[SourceQuality "1"]

1. e4 c5 2. Nc3 Nc6 3. Nf3 e6 4. d4 cxd4 5. Nxd4 Nf6 6. a3 Be7 7. Be3 a6 8. Be2 0-0 9. Qd2 b5 10. g4 Nxd4 11. Qxd4 d6 12. g5 Nd7 13. h4 Bb7 14. 0-0-0 Rc8 15. f4 Nc5 16. h5 Bxe4 17. h6 e5 18. fxe5 Bxh1 19. hxg7 Re8 20. Qh4 Be4 21. Nxe4 Nxe4 22. Rh1 Nxg5 23. Bd3 f5 24. Bxf5 dxe5 25. Bxh7+ Kf7 26. Qh5+ Ke6 27. Qg6+ Bf6 28. Bxg5 1-0

[Event "Roquetas de Mar op 35th"]
[Site "Roquetas de Mar"]
[Date "2024.01.04"]
[Round "4"]
[White "Castillo Rodriguez, Angel Luis"]
[Black "Serrano Almendros, Angel"]
[Result "1/2-1/2"]
[WhiteElo "2055"]
[BlackElo "2250"]
[PlyCount "125"]
[EventDate "2024.01.02"]
[EventType "swiss"]
[EventRounds "9"]
[EventCountry "ESP"]
[SourceTitle "CB02_2024"]
[SourceDate "2024.01.10"]
[SourceVersion "1"]
[SourceVersionDate "2024.01.10"]
[SourceQuality "1"]

1. e4 c5 2. Nf3 Nc6 3. Bb5 e6 4. 0-0 Nge7 5. c3 a6 6. Ba4 b5 7. Bc2 Bb7 8. Re1 Ng6 9. d4 cxd4 10. cxd4 Nb4 11. Bb3 d5 12. e5 Be7 13. Nc3 0-0 14. Ne2 Rc8 15. a3 Nc6 16. Bc2 Na5 17. b3 Qb6 18. Qd3 Rc7 19. h4 Rfc8 20. Ra2 b4 21. h5 Nf8 22. a4 Rc6 23. Ng5 Qd8 24. f4 R8c7 25. Bd2 Nc4 26. bxc4 dxc4 27. Qg3 b3 28. Bxb3 cxb3 29. Qxb3 Rc4 30. Qg3 Qd5 31. Raa1 Rc2 32. Nf3 Rb2 33. Rac1 Rxc1 34. Bxc1 Rc2 35. f5 exf5 36. Bh6 g6 37. Nf4 Qd8 38. e6 Bxf3 39. exf7+ Kxf7 40. Qxf3 Qxd4+ 41. Kh1 Rc7 42. Qb3+ Qc4 43. Qe3 Bd6 44. Qe8+ Kg8 45. Bxf8 Bxf8 46. Qe5 Re7 47. Ne6 Qh4+ 48. Kg1 Kf7 49. hxg6+ hxg6 50. Re2 Qc4 51. Ng5+ Kg8 52. Ne6 Qc1+ 53. Re1 Qd2 54. Re2 Qd3 55. Qf6 Qb1+ 56. Kf2 Qb6+ 57. Kf1 Qb1+ 58. Re1 Qd3+ 59. Kg1 Rf7 60. Qxg6+ Bg7 61. Nxg7 Qd4+ 62. Kf1 Qf4+ 63. Kg1 1/2-1/2

[Event "ESP-ch U18 Rapid"]
[Site "Salobrena"]
[Date "2022.08.07"]
[Round "6"]
[White "Serrano Almendros, Angel"]
[Black "Marabajan Navas, Saul"]
[Result "0-1"]
[WhiteElo "1831"]
[BlackElo "1578"]
[PlyCount "68"]
[EventDate "2022.08.06"]
[EventType "swiss (rapid)"]
[EventRounds "9"]
[EventCountry "ESP"]
[SourceTitle "EXT 2023"]
[Source "ChessBase"]
[SourceDate "2022.10.05"]
[SourceVersion "1"]
[SourceVersionDate "2022.10.05"]
[SourceQuality "1"]

1. a3 d5 2. Nf3 b6 3. d4 c5 4. dxc5 bxc5 5. e4 Nf6 6. exd5 Qxd5 7. Bd3 Bg4 8. Nc3 Qb7 9. Bf4 Nbd7 10. 0-0 e5 11. Re1 Be7 12. Bxe5 Nxe5 13. Rxe5 0-0 14. Ne4 Bxf3 15. gxf3 Rad8 16. b3 Nd5 17. Qf1 Qc7 18. Rh5 g6 19. Rh6 Nf4 20. Re1 Kg7 21. Rh3 Nxh3+ 22. Qxh3 Rd5 23. Ng3 Bd6 24. Ne4 Rh5 25. Qg2 Bxh2+ 26. Kf1 Bf4 27. Ke2 f5 28. Ng3 Re8+ 29. Kd1 Rxe1+ 30. Kxe1 Bxg3 31. fxg3 f4 32. g4 Re5+ 33. Kd2 Qa5+ 34. Kd1 Re1# 0-1

[Event "ESP-ch U16 Rapid"]
[Site "Salobrena"]
[Date "2022.07.31"]
[Round "5"]
[White "Serrano Almendros, Angel"]
[Black "Galstyan, David"]
[Result "1-0"]
[WhiteElo "1831"]
[BlackElo "1481"]
[PlyCount "101"]
[EventDate "2022.07.30"]
[EventType "swiss (rapid)"]
[EventRounds "9"]
[EventCountry "ESP"]
[SourceTitle "EXT 2023"]
[Source "ChessBase"]
[SourceDate "2022.10.05"]
[SourceVersion "1"]
[SourceVersionDate "2022.10.05"]
[SourceQuality "1"]

1. a3 e5 2. e3 d5 3. d4 exd4 4. exd4 Nf6 5. Nc3 c6 6. Bd3 Bd6 7. Bg5 Nbd7 8. Nge2 0-0 9. Qd2 Qc7 10. Ng3 h6 11. Be3 Ng4 12. 0-0-0 Ndf6 13. Nce2 c5 14. Bf5 Bxf5 15. Nxf5 Ne4 16. Qe1 c4 17. Nxd6 Nxe3 18. Nxe4 Nxd1 19. N4g3 Nxb2 20. Kxb2 b5 21. Nc3 Rab8 22. Nxd5 Qd7 23. Ne7+ Kh8 24. Nef5 b4 25. axb4 a5 26. Qe5 Rxb4+ 27. Kc1 Rg8 28. Qxa5 Rgb8 29. Kd2 R4b5 30. Qa4 c3+ 31. Kd3 Qe6 32. Ne3 f5 33. f4 g5 34. d5 Qg6 35. Qd4+ Kh7 36. Rf1 Rb4 37. Qa7+ R8b7 38. Qa8 Rb8 39. Qa7+ R8b7 40. Qa8 gxf4 41. Rxf4 Qb6 42. Rxb4 Qxb4 43. Ngxf5 Qb5+ 44. Kd4 Qb4+ 45. Ke5 Qb6 46. Qc8 Rc7 47. Qe6 Qb7 48. Qxh6+ Kg8 49. Qg6+ Kf8 50. Qf6+ Ke8 51. Ke4 1-0

[Event "ESP-ch U16 Rapid"]
[Site "Salobrena"]
[Date "2022.07.30"]
[Round "2"]
[White "Cesar Maestre, Eduardo"]
[Black "Serrano Almendros, Angel"]
[Result "0-1"]
[WhiteElo "1515"]
[BlackElo "1831"]
[PlyCount "78"]
[EventDate "2022.07.30"]
[EventType "swiss (rapid)"]
[EventRounds "9"]
[EventCountry "ESP"]
[SourceTitle "EXT 2023"]
[Source "ChessBase"]
[SourceDate "2022.10.05"]
[SourceVersion "1"]
[SourceVersionDate "2022.10.05"]
[SourceQuality "1"]

1. e4 e6 2. d4 d5 3. Nd2 a6 4. c3 c5 5. Ngf3 Nf6 6. Bd3 Nc6 7. e5 Nd7 8. 0-0 g5 9. h3 h5 10. g3 cxd4 11. cxd4 g4 12. hxg4 hxg4 13. Nh2 Nxd4 14. Nxg4 Qb6 15. Nf3 Nc6 16. b3 Rg8 17. Nf6+ Nxf6 18. exf6 Rxg3+ 19. Kh2 Rg8 20. Be3 Qc7+ 21. Kh1 e5 22. Bh7 Rh8 23. Ng5 Bf5 24. Qh5 Bxh7 25. Nxh7 0-0-0 26. f4 exf4 27. Bxf4 Bd6 28. Bxd6 Qxd6 29. Rae1 Rd7 30. Re2 d4 31. Rfe1 d3 32. Re8+ Rxe8 33. Rxe8+ Kc7 34. Re1 d2 35. Rd1 Qd5+ 36. Qxd5 Rxd5 37. Nf8 Rh5+ 38. Kg2 Rh8 39. Rxd2 Rxf8 0-1

[Event "ESP-ch U16"]
[Site "Salobrena"]
[Date "2022.07.26"]
[Round "3"]
[White "Portero Rubio, Martin"]
[Black "Serrano Almendros, Angel"]
[Result "0-1"]
[WhiteElo "1876"]
[BlackElo "2049"]
[PlyCount "112"]
[EventDate "2022.07.25"]
[EventType "swiss"]
[EventRounds "9"]
[EventCountry "ESP"]
[SourceTitle "EXT 2023"]
[Source "ChessBase"]
[SourceDate "2022.10.05"]
[SourceVersion "1"]
[SourceVersionDate "2022.10.05"]
[SourceQuality "1"]

1. e4 e6 2. d4 d5 3. Nc3 Nf6 4. e5 Nfd7 5. f4 c5 6. Nf3 Nc6 7. Be3 Be7 8. Qd2 0-0 9. dxc5 Qa5 10. 0-0-0 b6 11. Bb5 Nb4 12. a3 bxc5 13. Bxd7 Bxd7 14. axb4 cxb4 15. Nb1 Rfc8 16. f5 Ba4 17. Nd4 Bc5 18. b3 Bxd4 19. Qxd4 Bxb3 20. Rd2 Rc4 21. Qb2 Ba4 22. fxe6 fxe6 23. Bd4 Rac8 24. Rhd1 Qc7 25. c3 Bxd1 26. Kxd1 bxc3 27. Nxc3 Rxc3 28. Bxc3 Qxc3 29. Qb7 Qa1+ 30. Ke2 Qxe5+ 31. Kd1 Qc7 32. Qb2 Qxh2 33. Rf2 Qg1+ 34. Ke2 Qc1 35. Kd3 Qc4+ 36. Ke3 Qc3+ 37. Qxc3 Rxc3+ 38. Kd4 Rc4+ 39. Ke5 Re4+ 40. Kd6 a5 41. Ke7 h5 42. Rf8+ Kh7 43. Ra8 a4 44. Ra7 Kh6 45. Kf8 h4 46. Rxg7 Rf4+ 47. Kg8 Kh5 48. Re7 Rg4+ 49. Kf7 Rxg2 50. Rxe6 h3 51. Re3 h2 52. Rh3+ Kg4 53. Rh8 Kg3 54. Ke6 Rg1 55. Rg8+ Kf4 56. Rf8+ Ke3 0-1

[Event "ESP-chT Rapid"]
[Site "Ciudad Real"]
[Date "2021.10.10"]
[Round "7.6"]
[White "Serrano Almendros, Angel"]
[Black "Garcia Rodriguez, Victor"]
[Result "0-1"]
[WhiteElo "2008"]
[BlackElo "2111"]
[PlyCount "84"]
[EventDate "2021.10.09"]
[EventType "team-swiss (rapid)"]
[EventRounds "9"]
[EventCountry "ESP"]
[SourceTitle "CBM 204 Extra"]
[Source "ChessBase"]
[SourceDate "2021.11.30"]
[SourceVersion "1"]
[SourceVersionDate "2021.11.30"]
[SourceQuality "1"]
[WhiteTeam "La Zubia"]
[BlackTeam "Nazari"]
[WhiteTeamCountry "ESP"]
[BlackTeamCountry "ESP"]

1. e4 e5 2. Nf3 Nc6 3. d4 exd4 4. Nxd4 Bc5 5. Nb3 Bb6 6. Nc3 d6 7. Qe2 Nge7 8. Be3 0-0 9. 0-0-0 Be6 10. f3 Qe8 11. g4 Ng6 12. h4 Nge5 13. Bh3 Bxe3+ 14. Qxe3 a5 15. Nd4 Nxd4 16. Rxd4 b5 17. Nd5 Bxd5 18. Rxd5 Qc6 19. Bg2 Rfe8 20. f4 Nc4 21. Qg3 Ne3 22. Rd2 Nxg2 23. Rxg2 Rxe4 24. Rd1 Rae8 25. Rf2 Re3 26. Qh2 Qc4 27. a3 Qa2 28. c3 Qc4 29. Qg2 b4 30. Rf3 Re2 31. Rf2 Rxf2 32. Qxf2 bxc3 33. Qa7 h6 34. Qxa5 Qxf4+ 35. Kb1 Qe4+ 36. Kc1 cxb2+ 37. Kxb2 Rb8+ 38. Kc3 Qe3+ 39. Rd3 Qe1+ 40. Rd2 Qc1+ 41. Rc2 Qe3+ 42. Kc4 Qb3+ 0-1

[Event "ESP-ch U14"]
[Site "Salobrena"]
[Date "2021.07.17"]
[Round "9"]
[White "Moreno Diepa, Diego"]
[Black "Serrano Almendros, Angel"]
[Result "1-0"]
[WhiteElo "1938"]
[BlackElo "2110"]
[PlyCount "41"]
[EventDate "2021.07.12"]
[EventType "swiss"]
[EventRounds "9"]
[EventCountry "ESP"]
[SourceTitle "EXT 2022"]
[Source "ChessBase"]
[SourceDate "2021.10.06"]
[SourceVersion "1"]
[SourceVersionDate "2021.10.06"]
[SourceQuality "1"]

1. e4 c5 2. Nf3 d6 3. d4 cxd4 4. Nxd4 Nf6 5. Nc3 a6 6. Bg5 e6 7. f4 Be7 8. Qf3 Qb6 9. 0-0-0 Nc6 10. Nb3 Bd7 11. g4 Na5 12. Bh4 Nxb3+ 13. axb3 Bc6 14. Bf2 Qc7 15. g5 Nd7 16. Bh3 b5 17. Rhe1 a5 18. Nd5 exd5 19. exd5 Bb7 20. Qe2 Nb8 21. Bb6 1-0

[Event "ESP-ch U14"]
[Site "Salobrena"]
[Date "2021.07.13"]
[Round "3"]
[White "Serrano Almendros, Angel"]
[Black "Sanchez Aguilar, Arnau"]
[Result "1/2-1/2"]
[WhiteElo "2110"]
[BlackElo "1824"]
[PlyCount "71"]
[EventDate "2021.07.12"]
[EventType "swiss"]
[EventRounds "9"]
[EventCountry "ESP"]
[SourceTitle "EXT 2022"]
[Source "ChessBase"]
[SourceDate "2021.10.06"]
[SourceVersion "1"]
[SourceVersionDate "2021.10.06"]
[SourceQuality "1"]

1. d4 Nf6 2. c4 c5 3. d5 e6 4. Nc3 exd5 5. cxd5 d6 6. e4 g6 7. f4 Bg7 8. Nf3 0-0 9. Bd3 Bd7 10. a4 Na6 11. 0-0 Nb4 12. Bb1 Re8 13. Re1 Bg4 14. Bd2 h5 15. h3 Bxf3 16. Qxf3 h4 17. Nd1 Nh5 18. Bc3 Bxc3 19. Nxc3 Qf6 20. Rf1 Ng3 21. Rd1 Nh5 22. f5 Qg5 23. Rf1 gxf5 24. Qxf5 Qg6 25. Qd7 Re5 26. Nb5 Rg5 27. g4 hxg3 28. Nxd6 Rf8 29. h4 Re5 30. Nc4 Rxe4 31. Nd6 Qg4 32. Qf5 Qe2 33. Qh3 g2 34. Bxe4 gxf1R+ 35. Rxf1 Rd8 36. Qf5 1/2-1/2

[Event "ESP-ch U14"]
[Site "Salobrena"]
[Date "2020.08.07"]
[Round "7"]
[White "Sureda Gonzalez, Miquel"]
[Black "Serrano Almendros, Angel"]
[Result "0-1"]
[WhiteElo "1804"]
[BlackElo "2014"]
[PlyCount "46"]
[EventDate "2020.08.03"]
[EventType "swiss"]
[EventRounds "9"]
[EventCountry "ESP"]
[SourceTitle "EXT 2021"]
[Source "ChessBase"]
[SourceDate "2020.10.23"]
[SourceVersion "1"]
[SourceVersionDate "2020.10.23"]
[SourceQuality "1"]

1. e4 c5 2. Nf3 d6 3. d4 cxd4 4. Nxd4 Nf6 5. Nc3 a6 6. Bg5 e6 7. f4 Nc6 8. Nxc6 bxc6 9. e5 h6 10. Bh4 g5 11. fxg5 Nd5 12. Nxd5 cxd5 13. Qh5 Be7 14. exd6 Qxd6 15. 0-0-0 Rb8 16. Bg3 e5 17. g6 Bg5+ 18. Kb1 Rxb2+ 19. Kxb2 Qb4+ 20. Ka1 Bg4 21. gxf7+ Ke7 22. Qg6 Qc3+ 23. Kb1 Rb8+ 0-1

[Event "ESP-ch U14"]
[Site "Salobrena"]
[Date "2020.08.05"]
[Round "5"]
[White "Alcon Llosada, Jaume"]
[Black "Serrano Almendros, Angel"]
[Result "0-1"]
[WhiteElo "1665"]
[BlackElo "2014"]
[PlyCount "84"]
[EventDate "2020.08.03"]
[EventType "swiss"]
[EventRounds "9"]
[EventCountry "ESP"]
[SourceTitle "EXT 2021"]
[Source "ChessBase"]
[SourceDate "2020.10.23"]
[SourceVersion "1"]
[SourceVersionDate "2020.10.23"]
[SourceQuality "1"]

1. e4 e6 2. d3 d5 3. Nd2 c5 4. Ngf3 Nc6 5. g3 g6 6. Bg2 Bg7 7. 0-0 Nge7 8. c3 0-0 9. Re1 b6 10. e5 Qc7 11. d4 cxd4 12. cxd4 Nf5 13. Nf1 Ba6 14. h4 Rac8 15. N1h2 Nb4 16. Bg5 Nc2 17. Rc1 Nxe1 18. Rxc7 Nxf3+ 19. Nxf3 Rxc7 20. g4 Ne7 21. Qd2 Nc6 22. Qf4 Nb8 23. Bf6 Nd7 24. Ng5 h6 25. Nf3 Re8 26. h5 Be2 27. Nh4 Kh7 28. Bxg7 Kxg7 29. hxg6 fxg6 30. g5 h5 31. Qd2 Bg4 32. Qd3 Bf5 33. Nxf5+ gxf5 34. f4 Re7 35. Qa3 Nb8 36. Bf3 Kg6 37. Bxh5+ Kxh5 38. Qh3+ Kg6 39. Qh6+ Kf7 40. Qf6+ Ke8 41. Qh8+ Kd7 42. Qxb8 Re8 0-1

[Event "ESP-ch U14"]
[Site "Salobrena"]
[Date "2020.08.05"]
[Round "4"]
[White "Serrano Almendros, Angel"]
[Black "Garcia Fernandez, Victor"]
[Result "0-1"]
[WhiteElo "2014"]
[BlackElo "1690"]
[PlyCount "54"]
[EventDate "2020.08.03"]
[EventType "swiss"]
[EventRounds "9"]
[EventCountry "ESP"]
[SourceTitle "EXT 2021"]
[Source "ChessBase"]
[SourceDate "2020.10.23"]
[SourceVersion "1"]
[SourceVersionDate "2020.10.23"]
[SourceQuality "1"]

1. e4 e6 2. d4 d5 3. Nd2 Nf6 4. e5 Nfd7 5. f4 c5 6. c3 Nc6 7. Ndf3 Qb6 8. g3 cxd4 9. cxd4 Bb4+ 10. Kf2 f6 11. Be3 fxe5 12. fxe5 Rf8 13. Ne2 Ndxe5 14. dxe5 Rxf3+ 15. Kxf3 Nxe5+ 16. Kf4 g5+ 17. Kxg5 Qxe3+ 18. Nf4 Be7+ 19. Kh5 Qe4 20. Bd3 Qb4 21. Bxh7 Bf6 22. Rc1 Qe7 23. Qc2 Bd7 24. Qb1 Kd8 25. Bg6 Qg7 26. Rhe1 Qh8+ 27. Bh7 Be8+ 0-1